Birds of prey / (Record no. 4463)

000 -LEADER
fixed length control field 01397cam a2200433 a 4500
001 - CONTROL NUMBER
control field 4961218
003 - CONTROL NUMBER IDENTIFIER
control field OSt
005 - DATE AND TIME OF LATEST TRANSACTION
control field 20251128104235.0
008 - FIXED-LENGTH DATA ELEMENTS--GENERAL INFORMATION
fixed length control field 970307s1997 nyu 000 1 eng
010 ## - LIBRARY OF CONGRESS CONTROL NUMBER
LC control number 97008192
020 ## - INTERNATIONAL STANDARD BOOK NUMBER
International Standard Book Number 0312157916
020 ## - INTERNATIONAL STANDARD BOOK NUMBER
International Standard Book Number 9780312157913
035 ## - SYSTEM CONTROL NUMBER
System control number 4961218
040 ## - CATALOGING SOURCE
Original cataloging agency DLC
Transcribing agency DLC
Modifying agency OCoLC
-- DLC
043 ## - GEOGRAPHIC AREA CODE
Geographic area code i------
-- f-sa---
050 00 - LIBRARY OF CONGRESS CALL NUMBER
Classification number PR9405.9.S65 1997
082 00 - DEWEY DECIMAL CLASSIFICATION NUMBER
Classification number 823
Edition number 21
100 1# - MAIN ENTRY--PERSONAL NAME
Personal name Smith, Wilbur A.
245 10 - TITLE STATEMENT
Title Birds of prey /
Statement of responsibility, etc Wilbur Smith.
250 ## - EDITION STATEMENT
Edition statement 1st U.S. ed.
260 ## - PUBLICATION, DISTRIBUTION, ETC. (IMPRINT)
Place of publication, distribution, etc New York :
Name of publisher, distributor, etc St. Martin's Press,
Date of publication, distribution, etc 1997.
300 ## - PHYSICAL DESCRIPTION
Extent 554 p. ;
Dimensions 25 cm.
500 ## - GENERAL NOTE
General note "A Thomas Dunne book."
500 ## - GENERAL NOTE
General note Colored map on endpapers.
650 #0 - SUBJECT ADDED ENTRY--TOPICAL TERM
Topical term or geographic name as entry element Courtney family (Fictitious characters)
Form subdivision Fiction.
650 #0 - SUBJECT ADDED ENTRY--TOPICAL TERM
Topical term or geographic name as entry element Hijacking of ships
General subdivision Fiction.
650 #0 - SUBJECT ADDED ENTRY--TOPICAL TERM
Topical term or geographic name as entry element Seafaring life
General subdivision Fiction.
650 #0 - SUBJECT ADDED ENTRY--TOPICAL TERM
Topical term or geographic name as entry element Pirates
General subdivision Fiction.
651 #0 - SUBJECT ADDED ENTRY--GEOGRAPHIC NAME
Geographic name South Africa
General subdivision History
Chronological subdivision To 1836
General subdivision Fiction.
651 #0 - SUBJECT ADDED ENTRY--GEOGRAPHIC NAME
Geographic name Indian Ocean
General subdivision Fiction.
655 #7 - INDEX TERM--GENRE/FORM
Genre/form data or focus term Historical fiction.
Source of term gsafd
655 #7 - INDEX TERM--GENRE/FORM
Genre/form data or focus term Adventure stories.
Source of term gsafd
655 #7 - INDEX TERM--GENRE/FORM
Genre/form data or focus term Sea stories.
Source of term lcsh
655 #7 - INDEX TERM--GENRE/FORM
Genre/form data or focus term Fiction.
Source of term lcgft
906 ## - LOCAL DATA ELEMENT F, LDF (RLIN)
a 7
b cbc
c orignew
d 1
e ocip
f 19
g y-gencatlg
942 ## - ADDED ENTRY ELEMENTS (KOHA)
Source of classification or shelving scheme
Koha item type Fiction and Non- Fiction novels
Holdings
Withdrawn status Lost status Source of classification or shelving scheme Damaged status Not for loan Home library Current library Shelving location Date acquired Total Checkouts Full call number Barcode Date last seen Price effective from Koha item type
          Riara University Library Riara University Library Leisure Reading 28/11/2025   PR9405.9.S65 1997 10858/25 12/01/2026 28/11/2025 Fiction and Non- Fiction novels

Riara University Library,
P.O. Box 49940-00100,
Nairobi, Kenya.